LEADER 01132nam a2200289 a 4500 001 000000145547 003 CaOOAMICUS 005 20150908145013.0 008 150908s1984 it u000 u ita r 020 $a88-215-0806-4 040 $aPUL$bita 100 1 $aFalsini, Rinaldo,$cO.F.M.,$d1924-$0(OLS)http://pul/name/26069 245 10$aBattezzati per diventare cristiani /$cRinaldo Falsini. 260 $aRoma :$bEdizioni Paoline,$c1984. 300 $a138 p. ;$c21 cm 490 1 $aIncontro col Cristo ;$v01 504 $aBibliografia in nota. 650 4$aBattesimo.$0(OLS)http://pul/subject/1772 830 0$aIncontro col Cristo ;$v01.$0(OLS)http://pul/title/184062 850 $aPUL 852 $aPUL$W1$xDP1 Fondo S. Lanza$y121$m3 P 29$j168281$qFondi$B168881$CPULBib$Z2$F168881 $HLan2096 $82 941 1 $a1 961 $aNota ms. di possesso: Sergio Lanza 996 $6020$a88-215-0806-4$9(OLS)http://pul/number/158532 996 $6245$aBattezzati per diventare cristiani$9(OLS)http://pul/title/184061 996 $6260$aRoma :$bEdizioni Paoline$9(OLS)http://pul/publisher/47933 LEADER 01328nam a2200337 a 4500 001 000000166098 003 CaOOAMICUS 005 20180222093934.0 008 180222s2013 it a u000 u ita r 020 $a978-88-209-9161-6* 032 $aLibriCat 040 $aPUL$bita 082 04$a232 100 1 $aDal Bello, Mario,$d1947-$0(OLS)http://pul/name/76512 245 10$aCristo :$bi ritratti /$cMario Dal Bello. 260 $aCittą del Vaticano :$bLibreria editrice vaticana,$c©2013. 300 $a175 p. :$bill. ;$c24 cm. 504 $aBibliografia in nota. 600 04$aIesus Christus$xIconografia.$0(OLS)http://pul/subject/10531 650 4$aCristologia.$0(OLS)http://pul/subject/1402 650 4$aVolto Santo.$0(OLS)http://pul/subject/20852 850 $aPUL 852 $aPUL$W1$xSL Religione 3$y85$m232 DALMA 1$j190610$qDDC 21$B193506$CPULBib$Z2$F193506 $H130509 $81 941 1 $a9 960 $aIesus Christus$91402 960 $aIesus Christus$91402 996 $6020$a978-88-209-9161-6*$9(OLS)http://pul/number/163587 996 $6082$a232$9(OLS)http://pul/classification/381 996 $6245$aCristo :$bi ritratti$9(OLS)http://pul/title/205817 996 $6260$aCittą del Vaticano :$bLibreria editrice vaticana$9(OLS)http://pul/publisher/47920